LEADER 01610nam a2200361 i 4500 001 000000183871 003 CaOOAMICUS 005 20180117000000.0 008 180117s2009 it u000 u ita u 013 $a161841 020 $a978-88-372-2365-6 040 $aSeMil$bita 100 1 $aRad, Gerhard : von,$d<1901-1971>.$0(OLS)http://semarc/name/77 240 14$aDas Opfer des Abraham.$0(OLS)http://semarc/title/263882 245 13$aIl sacrificio di Abramo /$cGerhard von Rad ; con testi di Lutero, Kierkegaard, Kolakowski e immagini di Rembrandt. 250 $a2. ed. riveduta. 260 $aBrescia :$bMorcelliana,$c2009. 300 $a113 p. ;$c19 cm. 490 0 $aIl pellicano rosso. Nuova serie ;$v96 600 04$aAbramo .$0(OLS)http://semarc/subject/15998 700 1 $aLuther, Martin$b<1483-1545>.$0(OLS)http://semarc/name/305 700 1 $aRembrandt <1606-1669>.$0(OLS)http://semarc/name/10236 700 1 $aKo?akowski, Leszek,$d<1927-2009>.$0(OLS)http://semarc/name/21452 700 1 $aKierkegaard, Søren,$d<1813-1855>.$0(OLS)http://semarc/name/652 830 3$aIl pellicano rosso. Nuova serie ;$v96.$0(OLS)http://semarc/title/11366 850 $aSeMil 852 $aSeMil$W1$xVenegono$y1$m2LA V 96$j266310$B134571$CSeMilBibl$Z2$F146156 $81 900 1 $aMartin Lutero. 961 $aRecupero: Seminario di Seveso 996 $6020$a978-88-372-2365-6$9(OLS)http://semarc/number/173704 996 $6245$aIl sacrificio di Abramo$9(OLS)http://semarc/title/263881 996 $6260$aBrescia :$bMorcelliana$9(OLS)http://semarc/publisher/29629 LEADER 01728nam a2200325 i 4500 001 000000229951 003 CaOOAMICUS 005 20140522000000.0 008 140522s2014 gw u000 u fre u 013 $a208853 020 $a978-3-11-034618-3 020 $a978-3-11-034900-9 040 $aSeMil$bita 100 1 $aRamond, Sophie,$d<1967- >.$0(OLS)http://semarc/name/79326 245 14$aLes leçons et les énigmes du passé :$bune exégèse intra-biblique des psaumes historiques /$cSophie Ramond. 260 $aBerlin ; Boston :$bDe Gruyter,$c2014. 300 $aVIII, 343 p. ;$c24 cm. 490 0 $aBeihefte zur Zeitschrift für die alttestamentliche Wissenschaft ;$v459 650 4$aBibbia. Antico Testamento. Salmi - Analisi narrativa e linguistica.$0(OLS)http://semarc/subject/29313 650 4$aBibbia. Antico Testamento. Salmi - Relazione [con] Genesi.$0(OLS)http://semarc/subject/35826 650 4$aBibbia. Antico Testamento. Salmi, 78.$0(OLS)http://semarc/subject/41355 650 4$aBibbia. Antico Testamento. Salmi, 105-106.$0(OLS)http://semarc/subject/41356 830 0$aBeihefte zur Zeitschrift für die alttestamentliche Wissenschaft ;$v459.$0(OLS)http://semarc/title/294 850 $aSeMil 852 $aSeMil$W1$xVenegono$y1$m2XA Q 459$j251033$B180297$CSeMilBibl$Z2$F191337 $81 961 $aSottoscrizione: De Gruyter 996 $6020$a978-3-11-034618-3$9(OLS)http://semarc/number/232605 996 $6020$a978-3-11-034900-9$9(OLS)http://semarc/number/232606 996 $6245$aLes leçons et les énigmes du passé :$bune exégèse intra-biblique des psaumes historiques$9(OLS)http://semarc/title/328748 996 $6260$aBerlin ; Boston :$bDe Gruyter$9(OLS)http://semarc/publisher/36449